La réponse commence par J - Statistiques

Statistiques générales
  • Ce quiz a été pris 1 223 fois
  • Le résultat moyen est 15 sur 20
Statistiques - réponses
Indices Réponses % Correct
Pays d'où sont originaires les mangas Japon
100%
Femelle du cheval Jument
99%
Mélanger cette couleur à du bleu et vous obtiendrez du vert Jaune
98%
Personne chargée de l'entretien des espaces verts Jardinier
94%
Film où des dinosaures attaquent des humains sur une île Jurassic Park
93%
Capitale d'Israël Jérusalem
92%
Privation volontaire de nourriture Jeûne
91%
Le plus emblématique des ennemis de Batman Joker
88%
Ange gardien à la télévision française Joséphine
88%
Pirate le plus célèbre du cinéma Jack Sparrow
84%
Dieu romain de la foudre Jupiter
84%
Nom d'un nain chez Disney Joyeux
75%
Ancien appareil présent dans les lieux publics permettant de choisir une musique Juke-Box
75%
Petite ouverture circulaire dans une porte qui permet de voir à travers sans être vu Judas
69%
Combat à la lance et à cheval au Moyen-Âge Joute
67%
Animal symbole du Guyana Jaguar
64%
Art martial japonais mis en place par des samouraïs durant la période féodale Jiujitsu
62%
Film avec Robin Williams dans lequel un enfant est transformé en singe Jumanji
54%
Datte chinoise Jujube
18%
Race de chien de petite taille au pelage blanc Jack Russell
14%
Aucun quiz correspondant
Distribution des résultats
% des personnes avec chaque résultat
Percentile par nombre de réponses
Votre historique - résultats
Vous n’avez pas pris ce quiz